| 000 | 01012nac a22002651i 4500 | ||
|---|---|---|---|
| 003 | EG-ScBUE | ||
| 005 | 20230116142451.0 | ||
| 008 | 230116s1999 gw ab f b 001 0 eng d | ||
| 020 | _a3791322273 (pbk. : acid-free paper) | ||
| 040 |
_aEG-ScBUE _beng _erda _cEG-ScBUE _dEG-ScBUE |
||
| 082 | 0 | 4 |
_a759.509024 _bGAL _222 |
| 100 | 1 |
_aGallwitz, Karl Ludwig, _eauthor. |
|
| 245 | 1 | 4 |
_aThe handbook of Italian Renaissance painters / _cKarl Ludwig Gallwitz ; [translated from the German by Michael Ashdown]. |
| 264 | 1 |
_aMunich ; _aNew York ; _aLondon : _bPrestel, _c1999. |
|
| 300 |
_a192 pages : _bcolor illustrations, color maps ; _c24 cm |
||
| 336 |
_2rdacontent _atext _btxt |
||
| 337 |
_2text _aunmediated _bn |
||
| 338 |
_2rdacarrier _avolume _bnc |
||
| 504 | _aIncludes bibliographical references and index. | ||
| 650 | 7 |
_aPainters _zItaly _vOutlines, syllabi, etc. _2BUEsh |
|
| 650 | 7 |
_aPainting, Renaissance _zItaly _vOutlines, syllabi, etc. _2BUEsh |
|
| 653 | _bART | ||
| 655 | _vReading book | ||
| 942 |
_cBB _2ddc |
||
| 999 |
_c6866 _d6866 |
||